Tous les tomes de Harry Potter en 30 secondes - Statistiques

Statistiques générales
  • Ce quiz a été pris 39 fois
  • Le résultat moyen est 5 sur 7
Statistiques - réponses
Harry Potter... ...titre du tome % Correct
Harry Potter à l'école des sorciers
96%
Harry Potter et la chambre des secrets
81%
Harry Potter et le prisonnier d'Azkaban
74%
Harry Potter et la coupe de feu
67%
Harry Potter et l'ordre du Phénix
56%
Harry Potter et le prince de sang-mêlé
52%
Harry Potter et les reliques de la mort
41%
Aucun quiz correspondant
Distribution des résultats
% des personnes avec chaque résultat
Percentile par nombre de réponses
Votre historique - résultats
Vous n’avez pas pris ce quiz